000 00747cab a2200229 4500
001 WB3302-08
008 090401t1997 xxu||||| |||| 00| 0 eng d
035 _a(Sirsi) u19387
041 _aeng
245 _aProperty funds
260 _c1997
350 _a0
490 _aIndependent on Sunday
_v5 January 1997, 2.2(1)
520 _aGerman property funds are targeting Britain`s regional shopping centres and office developments - accounting for nearly £1bn of purchases during 1995 and 1996.
650 _aFOREIGN INVESTMENT
650 _aGERMANY
650 _aINVESTMENT MARKET
650 _aPROPERTY FUNDS
690 _aPROPERTY-COMMERCIAL PROPERTY-COMMERCIAL PROPERTY FINANCE AND INVESTMENT
942 _n0
948 _c04/03/1997
999 _c12936
_d12936